[Event "Russian Higher League 2021"]
[Site "?"]
[Date "2021.07.04"]
[Round "8.27"]
[White "Gitelson, Arkady"]
[Black "Rudovskii, Filipp"]
[Result "1-0"]
[WhiteElo "2230"]
[BlackElo "2260"]
[Annotator ""]
[Source ""]
[Remark ""]

1.d4 {[%clk 1:30:57]} Nf6 {[%clk 1:30:52]} 2.Nc3 {[%clk 1:31:24]}
d5 {[%clk 1:31:15]} 3.Bf4 {[%clk 1:31:50]} a6 {[%clk 1:31:39]}
4.e3 {[%clk 1:32:16]} e6 {[%clk 1:31:59]} 5.g4 {[%clk 1:27:24]}
Bb4 {[%clk 1:29:57]} 6.f3 {[%clk 1:25:13]} c5 {[%clk 1:30:09]}
7.a3 {[%clk 1:23:00]} Ba5 {[%clk 1:27:59]} 8.dxc5 {[%clk 1:12:26]}
Bxc3+ {[%clk 1:25:08]} 9.bxc3 {[%clk 1:12:47]} Qa5 {[%clk 1:25:28]}
10.Bd6 {[%clk 1:09:48]} Nfd7 {[%clk 1:22:41]} 11.Qd4 {[%clk 1:02:49]}
e5 {[%clk 1:14:34]} 12.Qb4 {[%clk 0:55:15]} Qd8 {[%clk 1:15:02]}
13.Ne2 {[%clk 0:48:16]} Qh4+ {[%clk 1:14:04]} 14.Ng3 {[%clk 0:47:34]}
Nc6 {[%clk 1:14:18]} 15.Qb3 {[%clk 0:46:59]} Nf6 {[%clk 1:14:21]}
16.O-O-O {[%clk 0:31:42]} g6 {[%clk 1:14:44]} 17.e4 {[%clk 0:29:17]}
dxe4 {[%clk 1:08:32]} 18.Bc4 {[%clk 0:29:19]} Qg5+ {[%clk 1:05:03]}
19.Kb1 {[%clk 0:29:18]} Nd8 {[%clk 1:05:20]} 20.Rhe1 {[%clk 0:27:34]}
h5 {[%clk 0:55:40]} 21.Nxe4 {[%clk 0:26:51]} Nxe4 {[%clk 0:55:59]}
22.Rxe4 {[%clk 0:27:18]} f6 {[%clk 0:56:04]} 23.Qb6 {[%clk 0:25:46]}
Bd7 {[%clk 0:54:19]} 24.h4 {[%clk 0:22:00]} Qxh4 {[%clk 0:54:39]}
25.Bxe5 {[%clk 0:22:19]} fxe5 {[%clk 0:52:14]} 26.Qxg6+ {[%clk 0:22:42]}
 1-0

[Event "Russian Higher League 2021"]
[Site "?"]
[Date "2021.07.05"]
[Round "9.1"]
[White "Motylev, Alexander"]
[Black "Ponkratov, Pavel"]
[Result "1/2-1/2"]
[WhiteElo "2639"]
[BlackElo "2627"]
[Annotator ""]
[Source ""]
[Remark ""]

1.e4 {[%clk 1:30:56]} e5 {[%clk 1:30:56]} 2.Nf3 {[%clk 1:31:20]}
Nf6 {[%clk 1:31:23]} 3.Nxe5 {[%clk 1:30:45]} d6 {[%clk 1:31:49]}
4.Nf3 {[%clk 1:31:03]} Nxe4 {[%clk 1:32:15]} 5.Nc3 {[%clk 1:31:17]}
Nf6 {[%clk 1:32:41]} 6.d4 {[%clk 1:31:26]} Be7 {[%clk 1:33:06]}
7.Bd3 {[%clk 1:31:26]} O-O {[%clk 1:33:31]} 8.h3 {[%clk 1:31:13]}
a6 {[%clk 1:31:59]} 9.O-O {[%clk 1:31:01]} b5 {[%clk 1:31:55]}
10.a4 {[%clk 1:30:57]} b4 {[%clk 1:32:18]} 11.Ne2 {[%clk 1:31:20]}
Bb7 {[%clk 1:32:43]} 12.Ng3 {[%clk 1:31:41]} Re8 {[%clk 1:32:05]}
13.a5 {[%clk 1:26:53]} Nbd7 {[%clk 1:31:52]} 14.c4 {[%clk 1:24:59]}
g6 {[%clk 1:20:47]} 15.Bc2 {[%clk 1:13:50]} Bf8 {[%clk 1:19:00]}
16.Ba4 {[%clk 1:08:46]} Qc8 {[%clk 1:01:15]} 17.Bf4 {[%clk 0:55:01]}
Ne4 {[%clk 0:57:08]} 18.Qb3 {[%clk 0:47:19]} Rb8 {[%clk 0:55:25]}
19.Rae1 {[%clk 0:43:17]} Nxg3 {[%clk 0:50:39]} 20.Rxe8 {[%clk 0:42:59]}
Qxe8 {[%clk 0:51:05]} 21.Bxg3 {[%clk 0:40:04]} Qc8 {[%clk 0:44:08]}
22.c5 {[%clk 0:28:12]} dxc5 {[%clk 0:35:46]} 23.Ng5 {[%clk 0:26:36]}
Qe8 {[%clk 0:36:12]} 24.Qe3 {[%clk 0:07:25]} Bh6 {[%clk 0:28:56]}
25.h4 {[%clk 0:07:31]} Qxe3 {[%clk 0:19:03]} 26.fxe3 {[%clk 0:07:53]}
Bxg5 {[%clk 0:18:23]} 27.hxg5 {[%clk 0:08:18]} Nf8 {[%clk 0:18:51]}
28.dxc5 {[%clk 0:04:45]} Ne6 {[%clk 0:18:02]} 29.c6 {[%clk 0:04:19]}
Ba8 {[%clk 0:18:26]} 30.Rc1 {[%clk 0:04:11]} Kf8 {[%clk 0:15:24]}
31.b3 {[%clk 0:03:21]} Ke7 {[%clk 0:12:44]} 32.Rc4 {[%clk 0:03:04]}
Rd8 {[%clk 0:13:08]} 33.Kh2 {[%clk 0:02:38]} Rd5 {[%clk 0:12:25]}
34.Be1 {[%clk 0:01:16]} Kd8 {[%clk 0:10:41]} 35.Bxb4 {[%clk 0:01:22]}
Rxg5 {[%clk 0:11:06]} 36.Kg1 {[%clk 0:01:08]} Kc8 {[%clk 0:11:20]}
37.Re4 {[%clk 0:00:49]} Rd5 {[%clk 0:09:18]} 38.Kh2 {[%clk 0:01:08]}
Rd1 {[%clk 0:09:09]} 39.Rc4 {[%clk 0:01:28]} Rd5 {[%clk 0:08:59]}
40.Re4 {[%clk 0:31:37]} Rd1 {[%clk 0:39:25]} 41.Rc4 {[%clk 0:27:36]}
Rd5 {[%clk 0:37:20]} 42.Re4 {[%clk 0:18:41]} 1/2-1/2

[Event "Russian Higher League 2021"]
[Site "?"]
[Date "2021.07.05"]
[Round "9.2"]
[White "Alekseev, Evgeny"]
[Black "Rakhmanov, Aleksandr"]
[Result "1/2-1/2"]
[WhiteElo "2605"]
[BlackElo "2651"]
[Annotator ""]
[Source ""]
[Remark ""]

1.c4 {[%clk 1:30:57]} e6 {[%clk 1:29:22]} 2.Nf3 {[%clk 1:30:09]}
d5 {[%clk 1:26:14]} 3.e3 {[%clk 1:27:44]} Nf6 {[%clk 1:26:25]}
4.Nc3 {[%clk 1:23:39]} a6 {[%clk 1:23:55]} 5.b3 {[%clk 1:20:45]}
b6 {[%clk 1:22:25]} 6.g3 {[%clk 1:06:13]} Bb7 {[%clk 1:15:39]}
7.Bg2 {[%clk 1:04:10]} Nbd7 {[%clk 1:14:10]} 8.O-O {[%clk 1:02:09]}
Bd6 {[%clk 1:07:35]} 9.Bb2 {[%clk 0:58:24]} O-O {[%clk 1:06:49]}
10.Qc2 {[%clk 0:53:27]} Qe7 {[%clk 1:03:24]} 11.Rac1 {[%clk 0:50:01]}
Rfe8 {[%clk 0:56:27]} 12.Rfd1 {[%clk 0:42:58]} dxc4 {[%clk 0:42:19]}
13.bxc4 {[%clk 0:43:15]} c5 {[%clk 0:42:03]} 14.Rb1 {[%clk 0:38:27]}
Rab8 {[%clk 0:37:47]} 15.a4 {[%clk 0:33:32]} Ne5 {[%clk 0:30:44]}
16.Nxe5 {[%clk 0:33:18]} Bxg2 {[%clk 0:30:04]} 17.Kxg2 {[%clk 0:33:15]}
Bxe5 {[%clk 0:30:23]} 18.d3 {[%clk 0:19:51]} Qb7+ {[%clk 0:26:00]}
19.Kg1 {[%clk 0:19:34]} Qf3 {[%clk 0:26:20]} 20.Qe2 {[%clk 0:18:13]}
Qc6 {[%clk 0:25:06]} 21.f4 {[%clk 0:14:25]} Bxc3 {[%clk 0:24:28]}
22.Bxc3 {[%clk 0:14:54]} Nd7 {[%clk 0:20:17]} 23.Qg2 {[%clk 0:15:11]}
Rec8 {[%clk 0:18:18]} 24.Qxc6 {[%clk 0:15:08]} Rxc6 {[%clk 0:18:41]}
25.Rb2 {[%clk 0:14:01]} f6 {[%clk 0:18:31]} 26.Kf2 {[%clk 0:14:06]}
Kf7 {[%clk 0:17:19]} 27.Rdb1 {[%clk 0:12:56]} a5 {[%clk 0:14:09]}
28.e4 {[%clk 0:09:29]} Rd8 {[%clk 0:09:41]} 29.Ke3 {[%clk 0:09:42]}
Rd6 {[%clk 0:09:31]} 30.Rd2 {[%clk 0:07:57]} e5 {[%clk 0:09:06]}
31.Ke2 {[%clk 0:03:42]} Ke7 {[%clk 0:08:46]} 32.Rdb2 {[%clk 0:03:11]}
Ke6 {[%clk 0:08:43]} 33.Rb3 {[%clk 0:03:13]} Rf8 {[%clk 0:08:00]}
34.R3b2 {[%clk 0:02:51]} Rd8 {[%clk 0:08:24]} 35.Rb3 {[%clk 0:03:10]}
Rf8 {[%clk 0:08:51]} 36.R3b2 {[%clk 0:03:28]} 1/2-1/2

[Event "Russian Higher League 2021"]
[Site "?"]
[Date "2021.07.05"]
[Round "9.3"]
[White "Goryachkina, Aleksandra"]
[Black "Sarana, Alexey"]
[Result "1-0"]
[WhiteElo "2596"]
[BlackElo "2640"]
[Annotator ""]
[Source ""]
[Remark ""]

1.d4 {[%clk 1:30:47]} Nf6 {[%clk 1:30:54]} 2.c4 {[%clk 1:31:06]}
e6 {[%clk 1:31:19]} 3.Nc3 {[%clk 1:31:19]} Bb4 {[%clk 1:31:42]}
4.Qc2 {[%clk 1:31:32]} O-O {[%clk 1:30:27]} 5.e4 {[%clk 1:31:32]}
d5 {[%clk 1:30:53]} 6.e5 {[%clk 1:31:49]} Ne4 {[%clk 1:31:19]}
7.Bd3 {[%clk 1:31:42]} c5 {[%clk 1:31:40]} 8.Nf3 {[%clk 1:31:25]}
cxd4 {[%clk 1:32:05]} 9.Nxd4 {[%clk 1:31:44]} Nd7 {[%clk 1:32:33]}
10.Bf4 {[%clk 1:31:30]} Ndc5 {[%clk 1:32:06]} 11.O-O {[%clk 1:27:10]}
Bxc3 {[%clk 1:32:01]} 12.bxc3 {[%clk 1:27:22]} Nxd3 {[%clk 1:32:27]}
13.Qxd3 {[%clk 1:27:42]} b6 {[%clk 1:32:39]} 14.cxd5 {[%clk 1:25:58]}
Qxd5 {[%clk 1:31:40]} 15.Rfd1 {[%clk 1:14:22]} Bb7 {[%clk 1:31:57]}
16.f3 {[%clk 1:10:36]} Nc5 {[%clk 1:27:58]} 17.Qe3 {[%clk 1:08:48]}
Qc4 {[%clk 1:22:43]} 18.Rab1 {[%clk 1:04:24]} Rad8 {[%clk 1:18:43]}
19.h4 {[%clk 1:01:52]} Rd7 {[%clk 1:13:32]} 20.h5 {[%clk 0:58:22]}
h6 {[%clk 1:13:46]} 21.Rb4 {[%clk 0:47:12]} Qxa2 {[%clk 1:14:13]}
22.Rd2 {[%clk 0:46:23]} Qa3 {[%clk 1:09:30]} 23.Bxh6 {[%clk 0:31:59]}
gxh6 {[%clk 1:06:40]} 24.Qxh6 {[%clk 0:32:10]} Qc1+ {[%clk 0:23:31]}
25.Kh2 {[%clk 0:31:52]} f5 {[%clk 0:19:59]} 26.Nxe6 {[%clk 0:26:03]}
Nxe6 {[%clk 0:20:20]} 27.Qxe6+ {[%clk 0:26:07]} Rdf7 {[%clk 0:20:47]}
28.Rd7 {[%clk 0:23:22]} Qg5 {[%clk 0:20:08]} 29.Rxb7 {[%clk 0:23:08]}
Qxh5+ {[%clk 0:17:08]} 30.Kg1 {[%clk 0:23:16]} Kg7 {[%clk 0:15:04]}
31.Qf6+ {[%clk 0:22:09]} Kg8 {[%clk 0:15:33]} 32.Rxf7 {[%clk 0:21:56]}
Qxf7 {[%clk 0:16:02]} 33.Qd6 {[%clk 0:17:42]} Re8 {[%clk 0:15:19]}
34.Rd4 {[%clk 0:16:38]} f4 {[%clk 0:15:11]} 35.Qh6 {[%clk 0:15:14]}
Rxe5 {[%clk 0:13:23]} 36.Rxf4 {[%clk 0:14:34]} Re1+ {[%clk 0:13:49]}
37.Kf2 {[%clk 0:13:47]} 1-0

[Event "Russian Higher League 2021"]
[Site "?"]
[Date "2021.07.05"]
[Round "9.4"]
[White "Demchenko, Anton"]
[Black "Chigaev, Maksim"]
[Result "0-1"]
[WhiteElo "2600"]
[BlackElo "2630"]
[Annotator ""]
[Source ""]
[Remark ""]

1.e4 {[%clk 1:30:56]} c5 {[%clk 1:30:55]} 2.Nf3 {[%clk 1:31:21]}
d6 {[%clk 1:31:21]} 3.Bb5+ {[%clk 1:31:43]} Bd7 {[%clk 1:31:45]}
4.Bxd7+ {[%clk 1:32:02]} Nxd7 {[%clk 1:32:10]} 5.O-O {[%clk 1:32:26]}
Ngf6 {[%clk 1:32:34]} 6.Qe2 {[%clk 1:32:52]} e6 {[%clk 1:30:20]}
7.d4 {[%clk 1:32:41]} cxd4 {[%clk 1:30:44]} 8.Nxd4 {[%clk 1:33:08]}
a6 {[%clk 1:30:06]} 9.c4 {[%clk 1:33:18]} Rc8 {[%clk 1:27:28]}
10.b3 {[%clk 1:32:56]} g6 {[%clk 1:20:43]} 11.Rd1 {[%clk 1:24:45]}
Bg7 {[%clk 1:15:29]} 12.Ba3 {[%clk 1:24:50]} Qc7 {[%clk 1:07:26]}
13.Nc3 {[%clk 1:23:46]} O-O {[%clk 1:02:01]} 14.e5 {[%clk 1:18:48]}
dxe5 {[%clk 1:02:08]} 15.Bxf8 {[%clk 1:19:08]} Rxf8 {[%clk 1:02:33]}
16.Nf3 {[%clk 1:01:41]} e4 {[%clk 0:55:59]} 17.Nd4 {[%clk 1:00:00]}
Qe5 {[%clk 0:40:20]} 18.Rac1 {[%clk 0:48:52]} h5 {[%clk 0:40:21]}
19.g3 {[%clk 0:44:26]} Bh6 {[%clk 0:37:17]} 20.Rc2 {[%clk 0:43:57]}
h4 {[%clk 0:37:41]} 21.b4 {[%clk 0:43:16]} hxg3 {[%clk 0:35:49]}
22.hxg3 {[%clk 0:43:20]} Kg7 {[%clk 0:33:31]} 23.c5 {[%clk 0:41:44]}
Rh8 {[%clk 0:22:25]} 24.Kg2 {[%clk 0:37:11]} Bf4 {[%clk 0:12:57]}
25.gxf4 {[%clk 0:24:55]} Qxf4 {[%clk 0:13:23]} 26.Qe3 {[%clk 0:23:08]}
Qh2+ {[%clk 0:08:16]} 27.Kf1 {[%clk 0:23:36]} Ne5 {[%clk 0:02:44]}
28.Qg3 {[%clk 0:21:07]} Qh5 {[%clk 0:02:34]} 29.Nde2 {[%clk 0:07:55]}
Nfg4 {[%clk 0:02:23]} 30.Kg2 {[%clk 0:06:26]} g5 {[%clk 0:00:34]}
31.Ng1 {[%clk 0:03:33]} f5 {[%clk 0:00:46]} 32.Nxe4 {[%clk 0:02:11]}
fxe4 {[%clk 0:00:52]} 33.Rcd2 {[%clk 0:01:27]} e3 {[%clk 0:00:59]}
34.fxe3 {[%clk 0:01:07]} Qh1+ {[%clk 0:01:23]} 35.Kf1 {[%clk 0:01:32]}
Rf8+ {[%clk 0:01:30]} 36.Ke2 {[%clk 0:00:46]} Rf2+ {[%clk 0:01:51]}
37.Qxf2 {[%clk 0:01:12]} Nxf2 {[%clk 0:02:17]} 38.Kxf2 {[%clk 0:01:30]}
Ng4+ {[%clk 0:02:32]} 39.Kg3 {[%clk 0:00:51]} Nxe3 {[%clk 0:02:17]}
40.Rh2 {[%clk 0:30:34]} Nf5+ {[%clk 0:32:31]} 0-1

[Event "Russian Higher League 2021"]
[Site "?"]
[Date "2021.07.05"]
[Round "9.5"]
[White "Iljiushenok, Ilia"]
[Black "Matlakov, Maxim"]
[Result "1/2-1/2"]
[WhiteElo "2530"]
[BlackElo "2688"]
[Annotator ""]
[Source ""]
[Remark ""]

1.e4 {[%clk 1:27:25]} c5 {[%clk 1:30:41]} 2.Nf3 {[%clk 1:27:41]}
d6 {[%clk 1:30:57]} 3.d4 {[%clk 1:27:58]} cxd4 {[%clk 1:31:05]}
4.Nxd4 {[%clk 1:28:26]} Nf6 {[%clk 1:31:16]} 5.Nc3 {[%clk 1:28:52]}
a6 {[%clk 1:31:28]} 6.Be3 {[%clk 1:29:11]} e5 {[%clk 1:30:58]}
7.Nb3 {[%clk 1:29:32]} Be7 {[%clk 1:31:04]} 8.f3 {[%clk 1:29:43]}
Be6 {[%clk 1:31:02]} 9.Qd2 {[%clk 1:30:10]} h5 {[%clk 1:30:38]}
10.Nd5 {[%clk 1:28:04]} Nxd5 {[%clk 1:30:28]} 11.exd5 {[%clk 1:28:32]}
Bf5 {[%clk 1:30:47]} 12.Be2 {[%clk 1:26:53]} a5 {[%clk 1:30:09]}
13.O-O {[%clk 1:20:29]} a4 {[%clk 1:19:08]} 14.Nc1 {[%clk 1:20:38]}
O-O {[%clk 1:19:02]} 15.c4 {[%clk 1:16:38]} Nd7 {[%clk 1:11:31]}
16.Nd3 {[%clk 1:13:15]} h4 {[%clk 0:59:54]} 17.b4 {[%clk 1:09:31]}
axb3 {[%clk 0:51:03]} 18.axb3 {[%clk 1:08:39]} e4 {[%clk 0:51:28]}
19.Rxa8 {[%clk 1:05:38]} Qxa8 {[%clk 0:50:41]} 20.fxe4 {[%clk 1:05:53]}
Bxe4 {[%clk 0:51:06]} 21.Bd4 {[%clk 1:01:11]} Bf6 {[%clk 0:48:37]}
22.Nf4 {[%clk 0:52:14]} Re8 {[%clk 0:43:52]} 23.h3 {[%clk 0:34:48]}
Qd8 {[%clk 0:25:32]} 24.Bg4 {[%clk 0:28:57]} Be5 {[%clk 0:19:01]}
25.Re1 {[%clk 0:24:26]} Nf6 {[%clk 0:16:47]} 26.Bd1 {[%clk 0:23:01]}
Bf5 {[%clk 0:12:54]} 27.Bxe5 {[%clk 0:23:17]} dxe5 {[%clk 0:06:56]}
28.Nd3 {[%clk 0:22:34]} Nxd5 {[%clk 0:07:15]} 29.Nxe5 {[%clk 0:20:11]}
Qb6+ {[%clk 0:07:01]} 30.Kh2 {[%clk 0:17:54]} Nf6 {[%clk 0:05:52]}
31.Qf4 {[%clk 0:17:55]} Qa5 {[%clk 0:04:42]} 32.Re3 {[%clk 0:17:09]}
Qd2 {[%clk 0:03:14]} 33.Bf3 {[%clk 0:15:20]} g6 {[%clk 0:02:54]}
34.c5 {[%clk 0:14:19]} Kg7 {[%clk 0:03:07]} 35.Nc4 {[%clk 0:14:18]}
Qf2 {[%clk 0:01:44]} 36.Rxe8 {[%clk 0:14:05]} Nxe8 {[%clk 0:02:13]}
37.Qe5+ {[%clk 0:14:00]} Kf8 {[%clk 0:02:32]} 38.Bxb7 {[%clk 0:13:41]}
Be6 {[%clk 0:02:21]} 39.Bf3 {[%clk 0:12:58]} Bxc4 {[%clk 0:02:23]}
40.bxc4 {[%clk 0:43:24]} f6 {[%clk 0:32:42]} 41.Qe4 {[%clk 0:42:06]}
Qxc5 {[%clk 0:27:37]} 42.Qxh4 {[%clk 0:42:32]} Kg7 {[%clk 0:25:50]}
43.Qf4 {[%clk 0:42:34]} g5 {[%clk 0:24:12]} 44.Qg4 {[%clk 0:41:07]}
Qc7+ {[%clk 0:19:32]} 45.Kh1 {[%clk 0:41:21]} Nd6 {[%clk 0:19:42]}
46.Bd5 {[%clk 0:41:31]} Qe7 {[%clk 0:19:30]} 47.Qe6 {[%clk 0:35:49]}
Qxe6 {[%clk 0:17:46]} 48.Bxe6 {[%clk 0:36:17]} f5 {[%clk 0:16:49]}
49.Kg1 {[%clk 0:33:17]} Kf6 {[%clk 0:17:09]} 50.Bd5 {[%clk 0:33:43]}
Ke5 {[%clk 0:16:07]} 51.Kf2 {[%clk 0:31:44]} Kd4 {[%clk 0:16:18]}
52.Kf3 {[%clk 0:31:58]} Nxc4 {[%clk 0:16:38]} 53.Bxc4 {[%clk 0:32:21]}
Kxc4 {[%clk 0:17:04]} 54.h4 {[%clk 0:32:23]} gxh4 {[%clk 0:17:30]}
55.Kf4 {[%clk 0:32:52]} Kd3 {[%clk 0:17:55]} 56.Kxf5 {[%clk 0:33:19]}
Ke3 {[%clk 0:18:21]} 57.Kg4 {[%clk 0:33:46]} Kf2 {[%clk 0:18:47]}
58.Kxh4 {[%clk 0:34:13]} Kxg2 {[%clk 0:19:13]} 1/2-1/2

[Event "Russian Higher League 2021"]
[Site "?"]
[Date "2021.07.05"]
[Round "9.6"]
[White "Paravyan, David"]
[Black "Makarian, Rudik"]
[Result "1-0"]
[WhiteElo "2629"]
[BlackElo "2460"]
[Annotator ""]
[Source ""]
[Remark ""]

1.d4 {[%clk 1:30:54]} Nf6 {[%clk 1:30:57]} 2.Bf4 {[%clk 1:31:15]}
e6 {[%clk 1:23:24]} 3.e3 {[%clk 1:31:36]} Be7 {[%clk 1:21:05]}
4.c4 {[%clk 1:30:44]} d5 {[%clk 1:20:59]} 5.Nc3 {[%clk 1:30:54]}
O-O {[%clk 1:20:27]} 6.Nf3 {[%clk 1:30:48]} Nbd7 {[%clk 1:20:36]}
7.c5 {[%clk 1:28:44]} c6 {[%clk 1:20:07]} 8.Bd3 {[%clk 1:28:19]}
Nh5 {[%clk 1:19:32]} 9.b4 {[%clk 1:25:14]} Nxf4 {[%clk 1:16:36]}
10.exf4 {[%clk 1:25:38]} b6 {[%clk 1:17:00]} 11.O-O {[%clk 1:25:59]}
a5 {[%clk 1:16:56]} 12.a3 {[%clk 1:26:25]} Qc7 {[%clk 1:16:04]}
13.g3 {[%clk 1:26:50]} Ba6 {[%clk 1:16:29]} 14.Bxa6 {[%clk 1:27:12]}
Rxa6 {[%clk 1:16:56]} 15.Qe2 {[%clk 1:27:39]} Rfa8 {[%clk 1:15:37]}
16.b5 {[%clk 1:27:57]} cxb5 {[%clk 1:16:04]} 17.Nxd5 {[%clk 1:21:54]}
exd5 {[%clk 1:16:17]} 18.Qxe7 {[%clk 1:22:21]} Rc8 {[%clk 1:07:27]}
19.Rab1 {[%clk 1:22:15]} bxc5 {[%clk 1:05:37]} 20.Rfe1 {[%clk 1:22:33]}
b4 {[%clk 0:54:40]} 21.dxc5 {[%clk 1:10:25]} g6 {[%clk 0:47:59]}
22.axb4 {[%clk 0:24:39]} axb4 {[%clk 0:48:24]} 23.Rxb4 {[%clk 0:24:57]}
Nxc5 {[%clk 0:48:38]} 24.Qxc7 {[%clk 0:08:03]} Rxc7 {[%clk 0:49:03]}
25.Rb8+ {[%clk 0:08:30]} Kg7 {[%clk 0:49:26]} 26.Rd8 {[%clk 0:08:56]}
Nd3 {[%clk 0:39:53]} 27.Re2 {[%clk 0:04:41]} Ra5 {[%clk 0:37:09]}
28.Kg2 {[%clk 0:04:42]} h6 {[%clk 0:36:12]} 29.Re3 {[%clk 0:03:33]}
Rc3 {[%clk 0:34:06]} 30.Re2 {[%clk 0:01:06]} Rac5 {[%clk 0:31:46]}
31.Rd2 {[%clk 0:00:44]} Nb4 {[%clk 0:31:13]} 32.h4 {[%clk 0:00:33]}
Rc2 {[%clk 0:30:09]} 33.Rxc2 {[%clk 0:00:35]} Rxc2 {[%clk 0:30:33]}
34.Ne5 {[%clk 0:00:40]} Nc6 {[%clk 0:29:36]} 35.Rc8 {[%clk 0:01:06]}
Nb4 {[%clk 0:29:39]} 36.Re8 {[%clk 0:00:46]} Nc6 {[%clk 0:29:26]}
37.Rc8 {[%clk 0:00:37]} Nb4 {[%clk 0:29:52]} 38.Re8 {[%clk 0:00:38]}
Nc6 {[%clk 0:30:08]} 39.Nd7 {[%clk 0:01:03]} h5 {[%clk 0:28:46]}
40.Rc8 {[%clk 0:30:37]} Nb4 {[%clk 0:56:17]} 41.Rxc2 {[%clk 0:31:01]}
Nxc2 {[%clk 0:56:42]} 42.Kf3 {[%clk 0:31:29]} f6 {[%clk 0:55:40]}
43.Nb6 {[%clk 0:27:27]} Nb4 {[%clk 0:55:19]} 44.f5 {[%clk 0:27:21]}
gxf5 {[%clk 0:52:45]} 45.Kf4 {[%clk 0:27:42]} d4 {[%clk 0:44:25]}
46.Kxf5 {[%clk 0:27:12]} Nd3 {[%clk 0:44:29]} 47.f3 {[%clk 0:25:19]}
Ne5 {[%clk 0:33:32]} 48.Ke4 {[%clk 0:24:39]} d3 {[%clk 0:33:57]}
49.Nd5 {[%clk 0:24:32]} d2 {[%clk 0:34:12]} 50.Nc3 {[%clk 0:24:06]}
Kg6 {[%clk 0:33:07]} 51.Ke3 {[%clk 0:23:41]} Kf5 {[%clk 0:25:02]}
52.Ke2 {[%clk 0:22:21]} Kg6 {[%clk 0:24:13]} 53.Nd1 {[%clk 0:19:59]}
Nc4 {[%clk 0:15:52]} 54.Nf2 {[%clk 0:20:05]} Kf5 {[%clk 0:15:42]}
55.Ne4 {[%clk 0:18:04]} Ke5 {[%clk 0:16:09]} 56.Nxd2 {[%clk 0:18:04]}
Nd6 {[%clk 0:16:31]} 57.Nb3 {[%clk 0:15:31]} Nf5 {[%clk 0:15:31]}
58.Kf2 {[%clk 0:14:54]} Ng7 {[%clk 0:15:58]} 59.Nc5 {[%clk 0:14:21]}
Kd5 {[%clk 0:15:56]} 60.Nd3 {[%clk 0:13:09]} Ke6 {[%clk 0:16:08]}
61.Nf4+ {[%clk 0:12:12]} Kf7 {[%clk 0:16:32]} 62.Ke2 {[%clk 0:12:06]}
Kg8 {[%clk 0:16:21]} 63.Kd2 {[%clk 0:07:59]} Kh7 {[%clk 0:16:06]}
64.Kd3 {[%clk 0:07:54]} Kh6 {[%clk 0:15:50]} 65.Ke4 {[%clk 0:08:19]}
Kh7 {[%clk 0:16:15]} 66.Kd5 {[%clk 0:05:48]} Kh6 {[%clk 0:16:32]}
67.g4 {[%clk 0:05:29]} hxg4 {[%clk 0:16:13]} 68.fxg4 {[%clk 0:05:55]}
Ne8 {[%clk 0:15:32]} 69.Ke6 {[%clk 0:04:33]} Kg7 {[%clk 0:15:50]}
70.Ke7 {[%clk 0:04:23]} Nc7 {[%clk 0:16:14]} 71.Ne6+ {[%clk 0:04:31]} 1-0

[Event "Russian Higher League 2021"]
[Site "?"]
[Date "2021.07.05"]
[Round "9.7"]
[White "Antipov, Mikhail Al."]
[Black "Shuvalova, Polina"]
[Result "1-0"]
[WhiteElo "2596"]
[BlackElo "2489"]
[Annotator ""]
[Source ""]
[Remark ""]

1.e4 {[%clk 1:30:58]} e5 {[%clk 1:30:09]} 2.Nf3 {[%clk 1:31:23]}
Nf6 {[%clk 1:30:32]} 3.Nxe5 {[%clk 1:25:54]} d6 {[%clk 1:29:39]}
4.Nf3 {[%clk 1:26:18]} Nxe4 {[%clk 1:30:04]} 5.Qe2 {[%clk 1:26:41]}
Qe7 {[%clk 1:30:11]} 6.d3 {[%clk 1:27:03]} Nf6 {[%clk 1:29:07]}
7.Nc3 {[%clk 1:24:24]} Qxe2+ {[%clk 1:27:04]} 8.Bxe2 {[%clk 1:24:35]}
Be7 {[%clk 1:26:06]} 9.h3 {[%clk 1:20:43]} c6 {[%clk 1:25:21]}
10.Bf4 {[%clk 1:18:17]} d5 {[%clk 1:19:45]} 11.O-O-O {[%clk 0:52:17]}
Nbd7 {[%clk 1:19:29]} 12.d4 {[%clk 0:51:35]} h6 {[%clk 1:10:44]}
13.g4 {[%clk 0:41:52]} Nf8 {[%clk 1:03:16]} 14.Be3 {[%clk 0:36:49]}
g5 {[%clk 0:51:29]} 15.Ne5 {[%clk 0:32:10]} N6d7 {[%clk 0:51:23]}
16.Nd3 {[%clk 0:30:11]} Nb6 {[%clk 0:48:24]} 17.b3 {[%clk 0:27:17]}
Ng6 {[%clk 0:47:57]} 18.f4 {[%clk 0:24:36]} gxf4 {[%clk 0:47:33]}
19.Nxf4 {[%clk 0:24:58]} Nxf4 {[%clk 0:47:13]} 20.Bxf4 {[%clk 0:25:18]}
Be6 {[%clk 0:46:42]} 21.Rdf1 {[%clk 0:21:29]} Nd7 {[%clk 0:37:13]}
22.Nd1 {[%clk 0:21:00]} Bf6 {[%clk 0:31:07]} 23.c3 {[%clk 0:17:40]}
Rc8 {[%clk 0:28:59]} 24.Kd2 {[%clk 0:13:38]} c5 {[%clk 0:28:34]}
25.Be3 {[%clk 0:13:49]} Ke7 {[%clk 0:27:22]} 26.Nf2 {[%clk 0:09:48]}
Bg5 {[%clk 0:24:37]} 27.Bd3 {[%clk 0:05:05]} b6 {[%clk 0:18:29]}
28.Re1 {[%clk 0:04:01]} Kd6 {[%clk 0:16:55]} 29.h4 {[%clk 0:03:28]}
Bxe3+ {[%clk 0:17:05]} 30.Rxe3 {[%clk 0:03:54]} Rhg8 {[%clk 0:15:44]}
31.Rg1 {[%clk 0:03:42]} cxd4 {[%clk 0:12:38]} 32.cxd4 {[%clk 0:04:10]}
Nb8 {[%clk 0:13:03]} 33.Rf3 {[%clk 0:04:15]} Nc6 {[%clk 0:12:05]}
34.Rf4 {[%clk 0:04:44]} Rcf8 {[%clk 0:07:10]} 35.Nd1 {[%clk 0:04:03]}
f5 {[%clk 0:07:15]} 36.Rgf1 {[%clk 0:04:16]} Nxd4 {[%clk 0:05:16]}
37.gxf5 {[%clk 0:00:37]} Ke5 {[%clk 0:05:23]} 38.Ne3 {[%clk 0:01:06]}
Bd7 {[%clk 0:04:48]} 39.Ng4+ {[%clk 0:01:22]} Rxg4 {[%clk 0:04:43]}
40.Rxg4 {[%clk 0:31:49]} Nxf5 {[%clk 0:34:10]} 41.Rg6 {[%clk 0:30:05]}
Rc8 {[%clk 0:32:27]} 42.Re1+ {[%clk 0:30:03]} Kf4 {[%clk 0:32:34]}
43.Rf6 {[%clk 0:30:10]} 1-0

[Event "Russian Higher League 2021"]
[Site "?"]
[Date "2021.07.05"]
[Round "9.8"]
[White "Predke, Alexandr"]
[Black "Lysyj, Igor"]
[Result "1/2-1/2"]
[WhiteElo "2683"]
[BlackElo "2605"]
[Annotator ""]
[Source ""]
[Remark ""]

1.e4 {[%clk 1:30:57]} e5 {[%clk 1:30:57]} 2.Nf3 {[%clk 1:31:19]}
Nc6 {[%clk 1:31:24]} 3.Nc3 {[%clk 1:31:23]} Nf6 {[%clk 1:31:49]}
4.d4 {[%clk 1:31:39]} exd4 {[%clk 1:32:14]} 5.Nxd4 {[%clk 1:32:02]}
Bb4 {[%clk 1:32:41]} 6.Nxc6 {[%clk 1:32:23]} bxc6 {[%clk 1:33:07]}
7.Bd3 {[%clk 1:32:47]} O-O {[%clk 1:33:30]} 8.O-O {[%clk 1:33:08]}
d5 {[%clk 1:33:57]} 9.exd5 {[%clk 1:33:31]} cxd5 {[%clk 1:34:23]}
10.Qf3 {[%clk 1:33:40]} c6 {[%clk 1:34:48]} 11.Bg5 {[%clk 1:34:06]}
Bd6 {[%clk 1:35:13]} 12.Rae1 {[%clk 1:34:04]} Rb8 {[%clk 1:35:28]}
13.Nd1 {[%clk 1:34:11]} h6 {[%clk 1:35:50]} 14.Bxf6 {[%clk 1:34:35]}
Qxf6 {[%clk 1:36:15]} 15.Qxf6 {[%clk 1:35:00]} gxf6 {[%clk 1:36:42]}
16.b3 {[%clk 1:35:17]} f5 {[%clk 1:37:08]} 17.Ne3 {[%clk 1:35:43]}
f4 {[%clk 1:37:34]} 18.Nf5 {[%clk 1:36:10]} Bxf5 {[%clk 1:38:00]}
19.Bxf5 {[%clk 1:36:37]} Kg7 {[%clk 1:38:25]} 20.g3 {[%clk 1:37:01]}
Kf6 {[%clk 1:38:51]} 21.Bd3 {[%clk 1:37:27]} Rfe8 {[%clk 1:39:17]}
22.Kg2 {[%clk 1:37:15]} Rxe1 {[%clk 1:39:27]} 23.Rxe1 {[%clk 1:37:01]}
Bb4 {[%clk 1:39:53]} 24.Rh1 {[%clk 1:36:33]} Bd6 {[%clk 1:39:24]}
25.Kf3 {[%clk 1:36:27]} fxg3 {[%clk 1:39:37]} 26.hxg3 {[%clk 1:36:52]}
Bf8 {[%clk 1:39:57]} 27.Rh4 {[%clk 1:36:53]} Rb4 {[%clk 1:40:21]}
28.Rxb4 {[%clk 1:37:10]} Bxb4 {[%clk 1:40:47]} 29.Kg4 {[%clk 1:37:21]}
Be1 {[%clk 1:41:12]} 30.f4 {[%clk 1:37:45]} Ke7 {[%clk 1:41:34]}
31.Kf3 {[%clk 1:38:05]} f6 {[%clk 1:41:51]} 32.g4 {[%clk 1:38:29]}
Bd2 {[%clk 1:42:17]} 33.Bg6 {[%clk 1:38:35]} a5 {[%clk 1:42:39]}
34.a4 {[%clk 1:38:52]} Bc1 {[%clk 1:43:05]} 35.Bf5 {[%clk 1:39:16]}
Kd6 {[%clk 1:43:31]} 36.Bg6 {[%clk 1:39:42]} Kc5 {[%clk 1:43:57]}
37.Be8 {[%clk 1:40:08]} Kd6 {[%clk 1:44:22]} 38.Kg3 {[%clk 1:40:31]}
c5 {[%clk 1:44:47]} 39.Bf7 {[%clk 1:40:56]} Bd2 {[%clk 1:45:13]}
40.Kf3 {[%clk 2:11:22]} Bc1 {[%clk 2:15:38]} 41.Ke4 Ke5+ 1/2-1/2